| 000 | 01043nam a22002537a 4500 | ||
|---|---|---|---|
| 005 | 20170124103003.0 | ||
| 010 | _aB-000846 | ||
| 020 |
_c175.00 _a8170164680 |
||
| 035 | _aB-000846 | ||
| 037 | _bCen Lib/Ret | ||
| 040 |
_aDPL _bHN |
||
| 082 |
_aक _bइंतिज़ा |
||
| 100 |
_aइंतिज़ार हुसैन _955349 |
||
| 245 |
_aमेरी चर्चित बीस कहानियां / _cइंतिज़ार हुसैन |
||
| 246 |
_aMeri charchit bees kahaniyan / _bby Intizar Husain |
||
| 260 |
_aनई दिल्ली _bकिताबघर _c2000 |
||
| 270 |
_a24, अंसारी रोड, दरयागंज _bनई दिल्ली _e110002 |
||
| 300 |
_a223पृ. _c19सेमी(सजिल्द ) |
||
| 650 |
_aहिंदी साहित्य _x _z _955350 |
||
| 650 |
_aहिंदी कहानियां _92082 |
||
| 650 |
_aHindi literature _v _955351 |
||
| 650 |
_aHindi Stories _955352 |
||
| 942 |
_2ddc _cHN _hक _mइंतिज़ा |
||
| 999 |
_c114103 _d114103 |
||